| 000 | 00529cam a2200217 a 4500 | ||
|---|---|---|---|
| 999 |
_c8909 _d8909 |
||
| 001 | 8909 | ||
| 003 | UkOxU | ||
| 005 | 20180925122329.0 | ||
| 008 | 880808s1941 enka 000 0 eng d | ||
| 035 | _a(BD-JhCC)8909 | ||
| 040 |
_aMNU _cMNU _dm.c |
||
| 041 | _aeng | ||
| 082 |
_a531.2 _bRAM 1941 |
||
| 100 | 1 | _aRamsey, A. S. | |
| 245 | 1 | 0 |
_aStatics / _cby A.S. Ramsey. |
| 260 |
_aCambridge : _bUniversity Press, _c1941. |
||
| 300 |
_axi, 296 p. : _bdiagrs. ; _c23 cm. |
||
| 650 | 0 | _aStatics. | |
| 942 |
_2ddc _cBK |
||